History Quiz

Random History Quiz

Exploration Quiz Stats

 Plays Quiz not verified by Sporcle

Challenge
Share
Tweet
Embed
Score 0/23 Timer 10:00
0 Plays Today
Name Name % Correct
I sailed for the country of Spain, although I was Italian, and landed on an island in the Caribbean Sea.Christopher Columbus
84.8%
I am most famously associated for circumnavigating the world.Ferdinand Magellan
64.9%
I am person who has a Native parent and a Spanish parent.Mestizo
49%
I was a person who made maps.Cartographer
45%
I was a sailor aboard a new ship with triangle sails called the __________.Caravel
44.8%
I am a Portuguese navigation who founded a school of navigation. Prince Henry the Navigator
43.7%
I conquered the Aztec empire.Hernan Cortes
42.4%
I travelled along the Middle Passage.Slave
41.4%
I was responsible for dividing up the globe between the countries of Spain and Portugal with the Treaty of Tordesillas.Pope
40.4%
I led the Aztec Empire.Montezuma
39.7%
I conquered the Incan empire.Francisco Pizarro
37.7%
I was forced to work because of encomiendas.Native
37.1%
Name Name % Correct
We were the Spanish Monarchs who unified Spain and hoped to rid our country of Muslims and Jews.Ferdinand and Isabella
33.8%
I was the Spanish Monarch who was said to have worn 'Two Hats' because I ruled both the Holy Roman Empire and Spain.Charles V
32.4%
I was the Spanish Monarch who was known as the 'Paperwork King' and was in power when the Spanish Armada was defeated.Philip II
32.4%
I brought religion from one place to another.Missionary
31%
I sailed around the southern tip of Africa to reach India.Vasco Da Gama
29.8%
I pooled my money together with a group of friend and formed a _______.Joint Stock Company
28.7%
I am a person of both African descent and European descent. Mulatto
28.5%
I led the Inca Empire.Atahualpa
28.5%
I ruled in place of the king in Spanish provinces.Viceroy
25.8%
I was the first European explorer to travel around the Cape of Good Hope.Bartolomeu Dias
23.2%
I am a person who believed that you need to have a favorable balance of trade to achieve wealth.Mercantilist
18.4%

You're not logged in!

Compare scores with friends on all Sporcle quizzes.
OR
Log In

You Might Also Like...

Show Comments

Extras

Created Oct 12, 2011ReportNominate
Tags:age, exploration, reformation

Top Quizzes Today


Score Distribution

Your Account Isn't Verified!

In order to create a playlist on Sporcle, you need to verify the email address you used during registration. Go to your Sporcle Settings to finish the process.

Report this User

Report this user for behavior that violates our Community Guidelines.

Details: